| 000 | 00803nam a2200253 a 4500 | ||
|---|---|---|---|
| 001 | 64055 | ||
| 003 | BD-RjUL | ||
| 005 | 20211209081251.0 | ||
| 008 | 170208s2005 enkab b 001 0 eng | ||
| 020 | _a0954892909 | ||
| 020 | _a0954892917 (pbk) | ||
| 035 | _a(BD-RjUL)64185 | ||
| 040 |
_aDLC _cDLC _beng _dBD-RjUL |
||
| 041 | _aeng | ||
| 082 |
_223 _a320.954 _bAUT 2005 |
||
| 245 | 1 | 0 |
_aAuthentic voices of South Asia / _ceditor, Usman Khalid. |
| 260 |
_aLondon : _aIslamabad : _bDistributors, The Pakistan Forum, _c2005. |
||
| 300 |
_avi, 354 p. : _bill. ; _c24 cm. |
||
| 504 | _aIncludes bibliographical references and index. | ||
| 651 | 0 |
_aSouth Asia _xPolitics and government. _9171877 |
|
| 700 | 1 |
_aKhalid, Usman. _9190257 |
|
| 710 | 2 |
_aLondon Institute of South Asia. _9190258 |
|
| 942 |
_2ddc _cBK |
||
| 999 |
_c64055 _d64055 |
||